000 02697nam a2200229Ia 4500
003 Ost
005 20260507074938.0
008 260507s9999||||xx |||||||||||||| ||und||
020 _a9957181181
040 _cfsecg
041 _aara
082 _a658
100 _aالصيرفي، محمدعبد الفتاح
_eمؤلف
245 0 _aمبادئ التنظيم والادارة /
_c محمدعبد الفتاح الصيرفي
260 _aعمان:
_bدار المناهج,
_c2006
300 _a337 صفحة؛
_bإيضاحات ؛
_c24 سم
504 _aبيبليوغرافيا ص. 323
520 _aأتي هذا الكتاب الذي يقصد به إثارة اهتمام القارئ بالمبادئ والأسس الإدارية. والكتاب لا يأتي بجديد في الأصول والمبادئ العلمية، ولكنه جديد كل الجدّة في أسلوب العرض الشائق والجذاب والذي قصد منه إثارة اهتمام القارئ الى جانب ذلك فقد كان لدى المؤلف أهداف ثلاثة تحكمت في عرضه لمختلف موضوعات كتابه التي كانت كالتالي المقدمة-الفصل الأول : ماهية الإدارة : مفهوم الإدارة : خصائص الإدارة : أهمية الإدارة : أهداف الإدارة : المهارات الإدارية : المبادئ الإدارية : الإدارة بين الفن والعلم : مهنية الإدارة : مسؤوليات الإدارة : البيئة الإدارية-الفصل الثاني : النظريات الإدارية : مفهوم النظرية : أهمية النظرية الإدارية : معايير النظرية : مصادر بناء النظرية الإدارية : معوقات قبول النظرية الإدارية : نظريات الإدارة : النظريات الإدارية الحديثة-الفصل الثالث : التخطيط : مفهوم التخطيط : مبادئ التخطيط : أهمية التخطيط : العوامل المؤثرة على التخطيط : أبعاد التخطيط : مداخل التخطيط -الفصل الرابع : التنظيم : مفهوم التنظيم : مبادئ التنظيم- الفصل الخامس : التوجيه الإبداعي : مبادئ التوجيه : أهمية التوجيه : شروط نجاح التوجيه : خطوات التوجيه-الفصل السادس : الرقابة الإبداعية : مفهوم الرقابة : أهداف النظام الرقابي : خصائص الرقابة : العملية الرقابية.
653 _aادارة
653 _aادارة اعمال
942 _cكتاب
999 _c41903
_d41903